000 01330nam a22002417a 4500
999 _c57542
_d57542
003 Ge_BSU
005 20221221160235.0
008 200727s2019 ge ||||| |||| 00| 0 geo d
041 _ageo
080 _a9 ფ-29
100 _aფარტენაძე, ვაჟა
_99044
245 _a"აჭარისწყლის ხეობა (ისტორიულ-არქეოლოგიური გამოკვლევა ქედის მუნიციპალიტეტის მიხედვით)" /
_cვაჟა ფარტენაძე, სამეცნ. ხელმძღვ. ა. კახიძე.
264 _aბათუმი,
_c2019
300 _a255 გვ.
_b30 სმ.
_cილ.
501 _aნახატ. გვ. 208-255
504 _aბიბლიოგრ. გვ. 198-207
653 _aისტორია
653 _aარქეოლოგია
653 _aდისერტაცია
700 _aკახიძე, ა.
_eსამეცნ. ხელმძღვ.
_91466
710 _aბათუმის შოთა რუსთაველის სახელმწიფო უნივერსიტეტი
_eჰუმანიტარულ მეცნიერებათა ფაკულტეტი
_99045
942 _2udc
_cDS